Southville International School and Colleges
Your cart is empty.
  • Cart
  • Lists
    Public lists Eva Luna New books Lux_list list_1
    Your lists Log in to create your own lists
  • Log in to your account
  • Your cookies
  • Search history
Southville International School and Colleges
  • Advanced search
  • Recent comments
  • Most popular
  • Libraries

Log in to your account

Log in with GOOGLE


If you do not have an external account, but do have a local account, you can still log in:

  1. Home
  2. MARC view: Making the most of being mentored :
Normal view MARC view ISBD view

Making the most of being mentored : (Record no. 25291)

[ view plain ]
MARC details
000 -LEADER
fixed length control field 00694nam a2200229 a 4500
005 - DATE AND TIME OF LATEST TRANSACTION
control field 20140310183614.0
008 - FIXED-LENGTH DATA ELEMENTS--GENERAL INFORMATION
fixed length control field 120903s19uu xx 00 eng d
020 ## - INTERNATIONAL STANDARD BOOK NUMBER
International Standard Book Number 9781426018374
050 ## - LIBRARY OF CONGRESS CALL NUMBER
Classification number HF 5385
Item number .Sh31 2009
100 ## - MAIN ENTRY--PERSONAL NAME
Personal name Shea, Gordon
245 ## - TITLE STATEMENT
Title Making the most of being mentored :
Remainder of title mentors help, mentees do /
Statement of responsibility, etc Gordon Shea.
250 ## - EDITION STATEMENT
Edition statement 2nd ed.
260 ## - PUBLICATION, DISTRIBUTION, ETC. (IMPRINT)
Place of publication, distribution, etc [Rochester, N.Y.] :
Name of publisher, distributor, etc Axzo Press,
Date of publication, distribution, etc 2009.
300 ## - PHYSICAL DESCRIPTION
Extent 111 p. :
Other physical details ill. ;
Dimensions 28 cm.
440 ## - SERIES STATEMENT/ADDED ENTRY--TITLE
Title Crisp Fifty-Minute Series Book
500 ## - GENERAL NOTE
General note Crisp Fifty-Minute Series: Know how. Right now.
521 ## - TARGET AUDIENCE NOTE
Target audience note
650 ## - SUBJECT ADDED ENTRY--TOPICAL TERM
Topical term or geographic name as entry element Mentoring in business
942 ## - ADDED ENTRY ELEMENTS (KOHA)
Koha item type Books
Source of classification or shelving scheme Library of Congress Classification
Call number prefix Foreign
Holdings
Withdrawn status Lost status Source of classification or shelving scheme Damaged status Home library Current library Shelving location Date acquired Source of acquisition Cost, normal purchase price Total Checkouts Full call number Barcode Date last seen Copy number Price effective from Koha item type
    Library of Congress Classification   College Library College Library General Circulation Section 09/01/2012 Donation 1241.00   HF 5385 .Sh31 2009 C15300 05/15/2018 1 10/18/2013 Books

Making the most of being mentored :

APA

Shea G., . (2009). Making the most of being mentored. [Rochester, N.Y.]: Axzo Press.

Chicago

Shea Gordon, . 2009. Making the most of being mentored. [Rochester, N.Y.]: Axzo Press.

Harvard

Shea G., . (2009). Making the most of being mentored. [Rochester, N.Y.]: Axzo Press.

MLA

Shea Gordon, . Making the most of being mentored. [Rochester, N.Y.]: Axzo Press. 2009.

  • Place hold
  • Print
  • Cite
  • Add to your cart (remove)
  • Save record
    BIBTEX Dublin Core MARCXML MARC (non-Unicode/MARC-8) MARC (Unicode/UTF-8) MARC (Unicode/UTF-8, Standard) MODS (XML) RIS
  • More searches
    Search for this title in:
    Other Libraries (WorldCat) Other Databases (Google Scholar) Online Stores (Bookfinder.com) Open Library (openlibrary.org)

Exporting to Dublin Core...

SOUTHVILLE LIBRARY

Southville International School and Colleges Library

1281 Tropical Ave. Cor. Luxembourg St., BF Homes International, Las Pinas City

Tel. No. 8256374 / 252358 Loc. 117/146

Powered by Koha